000 00687nam a2200289Ia 4500
005 20260324140036.0
008 008 260324s9999 xx 000 0 eng d
020 _a9781315244341
037 _aEBOOK
040 _aCRL
040 _beng
040 _cCRL
041 _2eng
041 _aeng
084 _qCRL
100 _aDavid Howell
_91202907
245 0 _aRespectable Radicals
245 0 _bStudies in the Politics of Railway Trade Unionism
260 _bTaylor and Francis
260 _c1999
365 _a
365 _b145
856 _uhttp://www.taylorfrancis.com/books/9781315244341
942 _cEBOOK
999 _c1804548
_d1804548